01351nam a22002657a 45000010005000000030006000050050017000110080041000280200018000690400029000870500009001160820012001251000026001372450064001632500035002272600034002623000056002965050007003525200605003595210028009645210018009926500025010106500020010357000030010555899FISKH20250131103833.0250131b cb ||||| |||| 00| 0 eng d a9781840896589 aFISKHbengcFISKHdFISKH aPZ7. a 823.92 aTurpin, Nickd(1969-) aMolly is new /cby Bick Turpin ; illustrated by Silvia Raga aThis edition published in 2010 aLondon :bZero to Ten,c2005. a28 unnumbered pages :bcolor illustrations ;c27 cm aG  aTwisters is a great new series of first reading books made up of real stories with a beginning, a middle and an end, and turn-the-page appeal. The stories don't exceed 50 words, and are ideal for first readers, covering a range of genres to support literacy requirements at foundation stage. These include humorous stories, fantasy stories, rhyming stories and stories from a range of cultures. They are accompanied by bright, colour pictures, which will reassure the most reluctant of readers and help develop visual literacy skills. Bright and fun to read, this series will be loved by all children8 a380 bLexile estimate 8 aG bRaz-Plus  2AnxiousaNew student 2SchoolaDrawing aRaga, Silviadillustrator